02068nam a2200241Ia 4500003000400000005001700004008004100021020001800062040003500080082001300115245014900128264002900277300002600306336002700332337003300359338002800392500124800420650003601668650004001704650002801744650002901772650002501801OSt20210202083652.0141031s2012 sp g 000 f spa  a9788417623197 aCO-BoRNBPbspaerdacCO-BoRNBP 2ANaLEAT10aHistoria de Drácula :bun ensayo sobre la obra maestra de Bram Stroker, el conde Drácula y los orígenes del vampirismo/cClive Leatherdale aBarcelona,bArpa,c2019. a342 páginasc21 cm. atextobtxt2rdacontent asin mediaciónbn2rdamedia avolumenbnc2rdacarrier aLa imponente figura del conde Drácula, su guarida en Transilvania y su poder maligno y sobrenaturalimpregnan nuestro imaginario colectivo desde la publicación de la obra maestra de Bram Stokeren 1897. Sin embargo, la crítica nunca ha prestado demasiada atención ni a los vampiros, ni al condeDrácula, ni a su autor. Clive Leatherdale, movido por una gran pasiónpor la novela, se propuso colmar este vacío en un libro que explora los orígenes del vampirismo y supeso en la cultura occidental y propone estimulantes interpretaciones de la novela gótica por excelencia.Según el autor, Drácula puede leerse como una defensa de la imaginación sexual y del psicoanálisis, comoun homenaje al ocultismo, como un retrato metafórico de las tensiones sociales y políticas en la Gran Bretañavictoriana... Historia de Drácula, ya considerado un clásico enel mundo anglosajón, es una compañía imprescindible para todo apasionado del vampiro más célebre de lahistoria. «Este libro debería encontrarse en las estanerías detodos los estudiantes de literatura y cultura popular». British Book News«El absorbente drama de Drácula se vuelve incluso más hipnótico bajo la visión de Leatherdale». Gothic142LEMBaNovela inglesaySiglo XIX142LEMBaLiteratura inglesaySiglo XIX142LEMBaVampirosvNovela 142LEMBaAsesinatosvNovela142LEMBaTerrorvNovela